00293 a2200133 4500001000700000020001800007040001100025100002100036240003900057245003400096300000700130362000900137440001300146170467 a85-262-4256-3 cMagnum aDumas, Alexandre10aO homem da máscara de ferrolpor10aO homem da máscara de ferro a870 a2002 1aScipione